00514nam a2200193 a 4500001001300000003000900013005001700022008004100039020001000080082001700090100002100107245005600128260003600184300000900220500003500229505002300264650001200287700002100299nice12345678IN_TiNIC20260116011559.0050524s1909 lona grp 000 0 eng  ac10000a231.044bILL aIllingworth, J R aDoctrine of the Trinityb Apologetically Considered aLondonbMacmillan and Co.c1909 a267p aincludes index and biblioraphy2 aIllustrative Notes aTrinity1 aIllingworth, J R